Statistiques concernant Devinez le Pays Mystère #88

Cliquez ici pour prendre le quiz!

Statistiques générales

  • Ce quiz a été pris 284 fois
  • Le résultat moyen est 10 sur 15

Statistiques - réponses

Type de RéponseRéponse% Correct
Lettre TrouvéeE
100%
Lettre TrouvéeA
97%
Lettre Bien PlacéeE
97%
Lettre TrouvéeR
90%
Lettre TrouvéeB
67%
Lettre TrouvéeD
65%
Lettre Bien PlacéeR
63%
Lettre Bien PlacéeD
61%
Lettre Bien PlacéeB
59%
Lettre Bien PlacéeA
57%
Lettre TrouvéeA
57%
Lettre Bien PlacéeA
48%
Lettre Bien PlacéeB
47%
Lettre TrouvéeB
47%
Pays MystèreBarbade
47%

Distribution des résultats

Percentile par nombre de réponses

% des personnes avec chaque résultat

Votre développement - résultats

Vous n’avez pas pris ce quiz